00664 a2200157 4500010001400000020002300014035001300037037001500050082001400065100002000079245015300099260004000252270013500292300002800427500005100455 aENG-88360 c530.00a8178271400 aEN-71893 bDBAD / PUB00a327.54058 aAsopa, Sheel K.10aStruggle for spheres of interest in trans-caucasia-central Asia and India's stakes:cby Sheel K. Asopaban appraisal of India's central Asia policy/ aNew DelhibManak Publicationsc2006 aB-7, Saraswati Complex, Subhash Chowk, Laxmi Nagar,bNew Delhie110092k91-11-22453894, 91-11-22042529minfo@manakpublications.com axv, 376 p.c23cm (Hb ) aIncludes bibliographical refrences and index.